Zwierzęta #1 - Statystyki

Ogólne statystyki
  • Ten quiz został rozwiązany 20 razy
    12 od ostatniego zresetowania
  • Średni wynik to 10 z 16
Statystyki odpowiedzi
Obrazkowy Odpowiedź % Poprawnych
Lew
100%
Nosorożec
100%
Tukan
100%
Paw
80%
Skorpion
80%
Surykatka
80%
Zebra
80%
Aligator
70%
Pancernik
70%
Fenek
60%
Niedźwiedź Brunatny
60%
Pasikonik
50%
Okapi
30%
Manat
20%
Ryjówka
20%
Piżmowół
10%
Nie znaleziono quizów pasujących do podanych kryteriów
Rozkład punktacji
Procent ludzi z każdym wynikiem
Percentyl według liczby udzielonych odpowiedzi
Twoja historia wyników
Nie rozwiązałeś tego quizu od ostatniego zresetowania